Europa-Allgemeinwissen - Statistiken

Allgemein
  • Dieses Quiz wurde 808 mal gespielt
  • Das Durchschnittsergebnis liegt bei 11 aus 15
Antwortstatistiken
Hint Antwort % Korrekt
Welches europäische Land hat die längste Küstenlinie? Norwegen
89%
Nenne ein europäisches Land, das zum Teil in Asien liegt Russland, Türkei, Zypern
89%
Zu welchem Land gehört Grönland? Dänemark
85%
Welches ist das einzige Land, das die EU verlassen hat? Vereinigtes Königreich
84%
Welches Land ist für seine Tulpenfelder und Windmühlen bekannt? Niederlande
82%
Welches europäische Land hat die wenigsten Einwohner? Vatikan
80%
Wie viele Mitgliedstaaten hat die EU? 27
78%
Welches ist das einzige europäische Land mit Gebiet auf dem afrikanischen Festland? Spanien
74%
Wie viele Sterne hat die EU-Flagge? 12
72%
Nenne ein europäisches Land, dass seinen Länderumriss in der Flagge hat Zypern, Kosovo
72%
Was ist die Hauptstadt von Estland? Tallinn
69%
Welche europäische Hauptstadt wird auch als "Stadt der sieben Hügel" bezeichnet? Lissabon / Rom
67%
Welche Stadt hat die höchste Anzahl an Brücken in Europa? Hamburg
55%
Welches Land ist das jüngste in Europa? Kosovo
55%
Welches Land in Europa hat die niedrigste Lebenserwartung? Litauen
17%
Keine übereinstimmenden Quizze gefunden
Verteilung der Resultate
Anzahl Personen mit jedem Resultat
Perzentil nach korrekt beantworteten Fragen
Ihre Resultats-Entwicklung
Sie haben dieses Quiz noch nicht gespielt